000 00683cam a2200217 i 4500
001 17679949
005 20241204185550.0
008 130401s2014 nyua b 001 0 eng
020 _a9780415828048 (hbk)
020 _a9780415828055 (pbk)
020 _z9781315886428 (ebk)
050 0 0 _aPE1585
_b.K69 2014
082 0 0 _a420.1/43
_223
100 1 _aKreidler, Charles W.,
_d1924-
_eauthor.
245 1 0 _aIntroducing English semantics /
_cCharles W. Kreidler.
250 _aSecond Edition.
300 _axii, 196 pages :
_billustrations ;
_c24 cm
650 0 _aEnglish language
_xSemantics.
650 0 _aEnglish language
_xSemantics
_xProblems, exercises, etc.
942 _2ddc
_cBK
_n0
999 _c1960
_d1960